| 000 | 00454nam a2200145Ia 4500 | ||
|---|---|---|---|
| 005 | 20250704035558.0 | ||
| 008 | 240331s9999 xx 000 0 und d | ||
| 082 |
_bWIM _a954 |
||
| 100 | _aWimalananada,T | ||
| 245 | 0 | _aUdarata maha karalla | |
| 260 |
_aNugegoda _bM.D.Gunasena Book & Co _c1962 |
||
| 300 | _a453 p ., | ||
| 500 | _aSecret Documents about the Sinhalese Struggle for independence, known in history as the Great Rebellion of 1818 | ||
| 942 | _cL | ||
| 999 |
_c5295 _d5295 |
||